Statistiques concernant Types de Chapeau đŸŽ©

Cliquez ici pour prendre le quiz!

Statistiques générales

  • Ce quiz a Ă©tĂ© pris 68 fois
  • Le rĂ©sultat moyen est 10 sur 13

Statistiques - réponses

RĂ©ponse% Correct
Casquette
100%
Bonnet
98%
Cagoule
97%
Beret
95%
Bob
95%
Chapeau Melon
86%
Haut de forme
84%
KĂ©pi
83%
Sombrero
79%
Chapka
72%
Casquette Gavroche
24%
Chapeau Cloche
24%
Bibi
19%

Distribution des résultats

Percentile par nombre de réponses

% des personnes avec chaque résultat

Votre développement - résultats

Vous n’avez pas pris ce quiz